Maiden nimiä maiden nimissä - Statistics

Yleistilastot
  • Tätä visaa on pelattu 383 kertaa
  • Keskiarvotulos 6 / 14
Vastaustilastot
Vastaus % Oikein
Guinea
61%
Guinea-Bissau
56%
Valkovenäjä
56%
Venäjä
56%
Sudan
55%
Etelä-Sudan
54%
Päiväntasaajan Guinea
53%
Niger
51%
Nigeria
51%
Papua-Uusi-Guinea
47%
Mali
35%
Somalia
31%
Oman
23%
Romania
18%
Ehtoja vastaavia visoja ei löytynyt
Tulosjakauma
Jokaisen tuloksen saaneiden osuus
Persentiili vastausten määrän mukaan
Tuloshistoriasi
Et ole pelannut tätä visaa